Most Streamed Pusha T Songs - Statistics

General Stats
  • This quiz has been taken 39 times
    28 since last reset
  • The average score is 7 of 20
Answer Stats
# Streams Answer % Correct
1 979,515,702 Runaway
95%
3 267,270,897 Don't Like.1
80%
11 84,262,787 If You Know You Know
80%
2 440,970,652 Mercy
75%
6 125,725,683 Mercy.1
75%
10 84,947,830 The Games We Play
65%
14 69,329,478 Nosetalgia
55%
9 101,839,183 So Appalled
30%
7 125,338,193 Trouble on My Mind
30%
5 137,763,759 Feel The Love
20%
15 67,974,504 Sweet Serenade
20%
4 146,005,922 Good Goodbye
10%
16 65,780,429 Move That Dope
10%
20 60,338,494 Drug Dealers Anonymous
5%
12 75,866,364 Scrape It Off
5%
17 63,684,051 Sure Thing - Remix
5%
8 107,639,408 Tell The Vision
5%
13 73,142,635 Wrist
5%
19 61,624,976 Misfit Toys
0%
18 63,082,534 Night Riders
0%
No matching quizzes found
Score Distribution
Percent of People with Each Score
Percentile by Number Answered
Your Score History
You have not taken this quiz since the last reset